[Event "FRM-chT (Women)"]
[Site "Ohrid"]
[Date "2023.08.29"]
[Round "4.1"]
[White "Velickovski Nejkovic, Maja"]
[Black "Ciftci, Zeynep"]
[Result "0-1"]
[WhiteElo "2070"]
[BlackElo "2111"]
[PlyCount "86"]
[EventDate "2023.08.26"]
[EventType "team-tourn"]
[EventRounds "7"]
[EventCountry "MKD"]
[SourceTitle "EXT 2024"]
[Source "ChessBase"]
[SourceDate "2023.10.10"]
[SourceVersion "1"]
[SourceVersionDate "2023.10.10"]
[SourceQuality "1"]

1. c4 e5 2. Nc3 Nf6 3. Nf3 Nc6 4. g3 d5 5. cxd5 Nxd5 6. d3 Be7 7. Bg2 Be6 8. 0-0 0-0 9. Bd2 a5 10. Rc1 Nxc3 11. Bxc3 f6 12. b3 Qd7 13. Nd2 Bd5 14. Bb2 Bxg2 15. Kxg2 a4 16. Ne4 a3 17. Ba1 Nb4 18. Qd2 f5 19. Bc3 Nd5 20. Bxe5 Qe6 21. f4 fxe4 22. dxe4 Nf6 23. Rxc7 Rfd8 24. Qe3 Ng4 25. Qf3 Nxe5 26. fxe5 Rf8 27. Qc3 Rxf1 28. Kxf1 Rf8+ 29. Kg2 Qf7 30. Qc4 Qxc4 31. bxc4 Kf7 32. h4 Rd8 33. c5 Rd2 34. Rxb7 Rxa2 35. c6 Rxe2+ 36. Kf3 Rb2 37. c7 Rc2 38. Ra7 Ke6 39. Kf4 Rf2+ 40. Ke3 Rf8 41. Kd4 Rc8 42. g4 Kd7 43. g5 Bc5+ 0-1

[Event "SRB Central-ch"]
[Site "Pirot"]
[Date "2022.11.17"]
[Round "2"]
[White "Dhulipalla, Bala Chandra Prasad"]
[Black "Velickovski Nejkovic, Maja"]
[Result "1-0"]
[WhiteElo "2442"]
[BlackElo "2143"]
[PlyCount "59"]
[EventDate "2022.11.16"]
[EventType "swiss"]
[EventRounds "9"]
[EventCountry "SRB"]
[SourceTitle "CBM 211 Extra"]
[Source "ChessBase"]
[SourceDate "2023.01.31"]
[SourceVersion "1"]
[SourceVersionDate "2023.01.31"]
[SourceQuality "1"]

1. d4 Nf6 2. Nf3 d6 3. Bf4 Nbd7 4. h3 g6 5. e3 Bg7 6. Be2 0-0 7. 0-0 c5 8. c4 b6 9. Nc3 Bb7 10. d5 a6 11. e4 Ne8 12. Bg3 h6 13. Qc2 Be5 14. Nxe5 dxe5 15. f4 f6 16. Bg4 Nd6 17. Ne2 Kh7 18. Bxd7 Qxd7 19. fxe5 fxe5 20. Bxe5 e6 21. Nf4 exd5 22. Bxd6 Qxd6 23. e5 Qc6 24. cxd5 Qe8 25. Rae1 Rf5 26. Nxg6 Rxf1+ 27. Rxf1 Kg7 28. Nf4 Bxd5 29. Nxd5 Qxe5 30. Nxb6 1-0

[Event "BIH-chT (Women) 19th"]
[Site "Neum"]
[Date "2022.09.12"]
[Round "3.1"]
[White "Ostojic, Ana A"]
[Black "Velickovski Nejkovic, Maja"]
[Result "0-1"]
[WhiteElo "1496"]
[BlackElo "2140"]
[PlyCount "48"]
[EventDate "2022.09.10"]
[EventType "team-tourn"]
[EventRounds "3"]
[EventCountry "BIH"]
[SourceTitle "EXT 2024"]
[Source "ChessBase"]
[SourceDate "2023.10.10"]
[SourceVersion "1"]
[SourceVersionDate "2023.10.10"]
[SourceQuality "1"]
[WhiteTeam "Busovaca Hrasno (W)"]
[BlackTeam "Zenica Napredak (W)"]
[WhiteTeamCountry "BIH"]
[BlackTeamCountry "BIH"]

1. d4 Nf6 2. Bf4 d6 3. Nc3 Bf5 4. Nf3 h6 5. h3 c6 6. e3 Nbd7 7. Be2 Qa5 8. 0-0 e5 9. dxe5 dxe5 10. Bh2 Rd8 11. a3 Qc7 12. Qc1 Bd6 13. Bd3 e4 14. Bxd6 Qxd6 15. Nd4 Bh7 16. Be2 0-0 17. Qd2 Ne5 18. Rad1 Qe7 19. Qc1 Nfd7 20. Rfe1 Qg5 21. b4 Nb6 22. Nb3 Nf3+ 23. Bxf3 exf3 24. g3 Qh5 0-1

[Event "FRM-chT (Women)"]
[Site "Ohrid"]
[Date "2021.08.25"]
[Round "1.1"]
[White "Velickovski Nejkovic, Maja"]
[Black "Toncheva, Nadya"]
[Result "0-1"]
[WhiteElo "2176"]
[BlackElo "2156"]
[PlyCount "84"]
[EventDate "2021.08.25"]
[EventType "team-tourn"]
[EventRounds "7"]
[EventCountry "MKD"]
[SourceTitle "CBM 204 Extra"]
[Source "ChessBase"]
[SourceDate "2021.11.30"]
[SourceVersion "1"]
[SourceVersionDate "2021.11.30"]
[SourceQuality "1"]
[WhiteTeam "Prilep (W)"]
[BlackTeam "Negotino (W)"]
[WhiteTeamCountry "MKD"]
[BlackTeamCountry "MKD"]

1. c4 c5 2. g3 Nc6 3. Bg2 g6 4. Nc3 Bg7 5. Rb1 e6 6. a3 a5 7. Nb5 d6 8. d3 Nge7 9. Bf4 e5 10. Bd2 0-0 11. e4 Be6 12. Qc1 f5 13. h4 fxe4 14. dxe4 Nd4 15. Nxd4 exd4 16. a4 Qe8 17. b3 Nc6 18. Ne2 Ne5 19. 0-0 Bg4 20. Nf4 Nf3+ 21. Kh1 Qxe4 22. Re1 Qf5 23. Nd5 Kh8 24. Rf1 Bh3 25. Nf4 Bxg2+ 26. Kxg2 Qg4 27. Rh1 Nxd2 28. Qxd2 Bh6 29. Qe2 Qxe2 30. Nxe2 Rae8 31. Rb2 Re4 32. Nc1 Bxc1 33. Rxc1 Rfe8 34. Kf3 Kg7 35. Rd1 Kf6 36. Rd3 Re1 37. Rbd2 R8e4 38. Kg2 Ke5 39. Rf3 R4e2 40. Rf7 Rxd2 41. Re7+ Kf6 42. Rxe1 Rb2 0-1

[Event "FRM-chT final (Women)"]
[Site "Popova Sapka"]
[Date "2020.10.12"]
[Round "2.2"]
[White "Velickovski Nejkovic, Maja"]
[Black "Radeva, Viktoria"]
[Result "1/2-1/2"]
[WhiteElo "2159"]
[BlackElo "2263"]
[PlyCount "69"]
[EventDate "2020.10.12"]
[EventType "team-tourn"]
[EventRounds "2"]
[EventCountry "MKD"]
[SourceTitle "CBM 198 Extra"]
[Source "ChessBase"]
[SourceDate "2020.11.30"]
[SourceVersion "1"]
[SourceVersionDate "2020.11.30"]
[SourceQuality "1"]
[WhiteTeam "Prilep (W)"]
[BlackTeam "Skopje Centar (W)"]
[WhiteTeamCountry "MKD"]
[BlackTeamCountry "MKD"]

1. c4 e6 2. Nc3 d5 3. d4 Nf6 4. cxd5 exd5 5. Qc2 c6 6. Bf4 Bd6 7. Bg3 0-0 8. e3 Re8 9. Bd3 Qe7 10. Nge2 Nbd7 11. 0-0 Nf8 12. a3 a5 13. Na4 Ne4 14. Bxe4 dxe4 15. Bxd6 Qxd6 16. Ng3 Qg6 17. Nb6 Rb8 18. Qc5 Bg4 19. h3 Nd7 20. Qxa5 Nxb6 21. Qxb6 Bd7 22. Qc7 Be6 23. Rfc1 f5 24. Ne2 Qf6 25. b4 Rec8 26. Qe5 Qxe5 27. dxe5 g5 28. Rd1 Re8 29. Ng3 Bc8 30. Rd6 Rxe5 31. Rd8+ Kf7 32. Rad1 Re8 33. a4 Be6 34. Rxb8 Rxb8 35. a5 1/2-1/2

[Event "Cyprus op 1st"]
[Site "Larnaka"]
[Date "2019.11.01"]
[Round "8"]
[White "Lornye, Pylyp"]
[Black "Velickovski Nejkovic, Maja"]
[Result "1/2-1/2"]
[WhiteElo "2284"]
[BlackElo "2128"]
[PlyCount "142"]
[EventDate "2019.10.25"]
[EventType "swiss"]
[EventRounds "9"]
[EventCountry "CYP"]
[SourceTitle "CBM 192 Extra"]
[Source "Chessbase"]
[SourceDate "2019.11.06"]
[SourceVersion "1"]
[SourceVersionDate "2019.11.06"]
[SourceQuality "1"]

1. Nf3 Nf6 2. g3 d6 3. Bg2 e5 4. d3 Be7 5. 0-0 c6 6. e4 Bg4 7. h3 Bxf3 8. Qxf3 Nbd7 9. Nd2 Qc7 10. Nc4 Nc5 11. c3 b5 12. Na3 Ne6 13. d4 Rb8 14. Nc2 0-0 15. Qe2 Nd7 16. f4 Bf6 17. f5 Nd8 18. Be3 Nb6 19. b3 c5 20. dxc5 dxc5 21. Qxb5 Nb7 22. Qe2 Nd6 23. Qf2 Rfc8 24. c4 Be7 25. Bd2 Nd7 26. Ne3 Nf6 27. Nd5 Nxd5 28. exd5 f6 29. g4 a5 30. Qg3 h6 31. h4 Nf7 32. Be4 Kf8 33. Qh3 Bd6 34. Rab1 Ke7 35. Rfc1 Qa7 36. Qe3 Qc7 37. Qe1 Ra8 38. a3 Rcb8 39. Kh1 Qa7 40. Be3 Qa6 41. Qf2 Ke8 42. Bf3 e4 43. Bxe4 Ne5 44. Qg2 Rc8 45. Bg1 Ra7 46. Bh2 Re7 47. Re1 Kf8 48. Bc2 Rce8 49. Re4 a4 50. g5 axb3 51. Rxb3 hxg5 52. hxg5 fxg5 53. Rh3 Nf7 54. Bxd6 Qxd6 55. Re6 Qf4 56. Qe2 Rxe6 57. fxe6 g4 58. Rh5 Nh6 59. Kg2 Ke7 60. Re5 Rf8 61. d6+ Kxd6 62. Rd5+ Ke7 63. Rd7+ Kf6 64. Be4 Nf5 65. Bxf5 Qxf5 66. e7 Re8 67. Rd5 Qf3+ 68. Qxf3+ gxf3+ 69. Kxf3 Rxe7 70. Rxc5 Ra7 71. Kf4 Rxa3 1/2-1/2

[Event "Cyprus op 1st"]
[Site "Larnaka"]
[Date "2019.10.28"]
[Round "5"]
[White "Ulybin, Mikhail"]
[Black "Velickovski Nejkovic, Maja"]
[Result "1-0"]
[WhiteElo "2455"]
[BlackElo "2128"]
[PlyCount "77"]
[EventDate "2019.10.25"]
[EventType "swiss"]
[EventRounds "9"]
[EventCountry "CYP"]
[SourceTitle "CBM 192 Extra"]
[Source "Chessbase"]
[SourceDate "2019.11.06"]
[SourceVersion "1"]
[SourceVersionDate "2019.11.06"]
[SourceQuality "1"]

1. d4 Nf6 2. c4 e5 3. dxe5 Ng4 4. Bf4 Nc6 5. Nf3 Bb4+ 6. Nc3 d6 7. exd6 Qf6 8. Qd2 cxd6 9. e3 Be6 10. Be2 Nge5 11. 0-0 Nxc4 12. Qc2 Bxc3 13. bxc3 N4e5 14. Rfd1 Qe7 15. Ng5 f6 16. Nxe6 Qxe6 17. Rab1 0-0-0 18. Qa4 Kc7 19. Bb5 a6 20. Be2 h5 21. e4 Ra8 22. c4 g5 23. Be3 Nd7 24. Qa3 b6 25. Qb3 Rab8 26. c5 Qxb3 27. cxd6+ Kb7 28. Rxb3 g4 29. Bc4 Ka7 30. Ra3 a5 31. Bb5 Kb7 32. Rc3 Nde5 33. Bxc6+ Nxc6 34. Rb1 b5 35. Rxb5+ Ka6 36. Rxb8 Nxb8 37. a4 Rh7 38. Rc7 Rd7 39. g3 1-0

[Event "BIH-chT (Women) 17th"]
[Site "Tuzla"]
[Date "2019.06.08"]
[Round "1.1"]
[White "Velickovski Nejkovic, Maja"]
[Black "Benderac, Ana"]
[Result "1/2-1/2"]
[WhiteElo "2138"]
[BlackElo "2228"]
[PlyCount "32"]
[EventDate "2019.06.08"]
[EventType "team-tourn"]
[EventRounds "3"]
[EventCountry "BIH"]
[SourceTitle "EXT 2020"]
[Source "ChessBase"]
[SourceDate "2019.10.17"]
[SourceVersion "1"]
[SourceVersionDate "2019.10.17"]
[SourceQuality "1"]
[WhiteTeam "Zenica Napredak (W)"]
[BlackTeam "Trebinje Leotar (W)"]
[WhiteTeamCountry "BIH"]
[BlackTeamCountry "BIH"]

1. c4 e6 2. Nc3 f5 3. Nf3 Nf6 4. d4 d5 5. e3 c6 6. Qc2 Bd6 7. Bd3 Ne4 8. 0-0 0-0 9. b3 Bd7 10. Ne5 Be8 11. Ne2 Nd7 12. Bb2 Qf6 13. f4 Qe7 14. Nxd7 Qxd7 15. Kh1 Bh5 16. Bxe4 fxe4 1/2-1/2

[Event "Pleven Young Talents (Women)"]
[Site "Pleven"]
[Date "2019.03.24"]
[Round "4"]
[White "Yordanova, Svetla"]
[Black "Velickovski Nejkovic, Maja"]
[Result "1-0"]
[WhiteElo "2133"]
[BlackElo "2144"]
[PlyCount "163"]
[EventDate "2019.03.22"]
[EventType "tourn"]
[EventRounds "9"]
[EventCountry "BUL"]
[SourceTitle "CBM 189 Extra"]
[Source "ChessBase"]
[SourceDate "2019.06.03"]
[SourceVersion "1"]
[SourceVersionDate "2019.06.03"]
[SourceQuality "1"]

1. e4 d6 2. d4 Nf6 3. Nc3 e5 4. Nge2 Be7 5. g3 c6 6. a4 0-0 7. Bg2 b6 8. 0-0 Nbd7 9. h3 Ba6 10. Re1 Qc7 11. g4 Bxe2 12. Rxe2 h6 13. Be3 Nh7 14. f4 Bf6 15. fxe5 dxe5 16. d5 Rfe8 17. dxc6 Qxc6 18. Rd2 Ndf8 19. Bf1 Bg5 20. Qf3 Qf6 21. Qxf6 Nxf6 22. Kf2 Ne6 23. Rad1 Rec8 24. Bxg5 hxg5 25. Ke3 Nd4 26. Ba6 Rc5 27. Bd3 Rac8 28. Rg1 Kh7 29. Rgg2 g6 30. Nb5 Ne6 31. b4 Rxb5 32. Bxb5 Nf4 33. Rh2 Rc3+ 34. Bd3 Ra3 35. Rd1 Rxa4 36. Rb1 a5 37. bxa5 bxa5 38. Rhh1 Kg7 39. Ra1 Rxa1 40. Rxa1 Nxh3 41. Kf3 Nf4 42. Bc4 Ne8 43. Rxa5 Nd6 44. Bb3 Kf6 45. Ra6 Ke7 46. Ra7+ Ke8 47. Ba4+ Kf8 48. Rd7 Nc4 49. Bb5 Na3 50. Ba4 Nc4 51. Bb3 Ke8 52. Rd1 Nb6 53. Rd6 Nc8 54. Rf6 Ke7 55. Rxf7+ Kd6 56. Rf6+ Kc5 57. Bf7 Nd6 58. Bxg6 Nb5 59. Ke3 Nd6 60. Bf7 Ng2+ 61. Kf3 Ne1+ 62. Ke2 Nxc2 63. Bg6 Nd4+ 64. Kd3 Nc6 65. Bf5 Nb4+ 66. Ke2 Nb5 67. Rg6 Kd4 68. Rxg5 Nc3+ 69. Kf3 Nc2 70. Rg8 Ne1+ 71. Kf2 Nd3+ 72. Kf3 Ne1+ 73. Kg3 Nxe4+ 74. Bxe4 Kxe4 75. Rf8 Nd3 76. g5 Nf4 77. Kg4 Ne6 78. Re8 Kd5 79. g6 e4 80. Re7 e3 81. g7 e2 82. Rxe6 1-0

[Event "Belgrade ChessAmateur op 5th"]
[Site "Belgrade"]
[Date "2019.01.10"]
[Round "9"]
[White "Evans, Bill"]
[Black "Velickovski Nejkovic, Maja"]
[Result "0-1"]
[WhiteElo "1948"]
[BlackElo "2136"]
[PlyCount "56"]
[EventDate "2019.01.04"]
[EventType "swiss"]
[EventRounds "9"]
[EventCountry "SRB"]
[SourceTitle "CBM 188 Extra"]
[Source "ChessBase"]
[SourceDate "2019.02.26"]
[SourceVersion "1"]
[SourceVersionDate "2019.02.26"]
[SourceQuality "1"]

1. d4 Nf6 2. c4 g6 3. Nc3 d5 4. cxd5 Nxd5 5. e4 Nxc3 6. bxc3 Bg7 7. Nf3 0-0 8. Be2 c5 9. Rb1 Bg4 10. Be3 Nc6 11. 0-0 Bxf3 12. Bxf3 cxd4 13. cxd4 Nxd4 14. Rxb7 e5 15. Bg4 h5 16. Bh3 Qa5 17. Qb1 Rad8 18. Kh1 Rd6 19. Bg5 Rb6 20. Rxb6 axb6 21. Be7 Ra8 22. a3 Bf8 23. Bxf8 Rxf8 24. f4 exf4 25. Qd3 Nc6 26. Qd5 Qc3 27. g3 fxg3 28. Rg1 Rd8 0-1

[Event "Belgrade ChessAmateur op 5th"]
[Site "Belgrade"]
[Date "2019.01.07"]
[Round "6"]
[White "Velickovski Nejkovic, Maja"]
[Black "Svicevic, Rastko"]
[Result "0-1"]
[WhiteElo "2136"]
[BlackElo "2237"]
[PlyCount "130"]
[EventDate "2019.01.04"]
[EventType "swiss"]
[EventRounds "9"]
[EventCountry "SRB"]
[SourceTitle "CBM 188 Extra"]
[Source "ChessBase"]
[SourceDate "2019.02.26"]
[SourceVersion "1"]
[SourceVersionDate "2019.02.26"]
[SourceQuality "1"]

1. c4 e5 2. Nc3 Nc6 3. Nf3 d6 4. d4 g6 5. d5 Nce7 6. e4 Bg7 7. h3 f5 8. Bd3 Nf6 9. Bg5 0-0 10. Nd2 c5 11. f3 Nh5 12. g4 Nf4 13. Bf1 fxg4 14. hxg4 Rf7 15. Qc2 a6 16. 0-0-0 Qf8 17. Kb1 h6 18. Bh4 Bd7 19. Qb3 Rb8 20. Qb6 Nc8 21. Qc7 Na7 22. Qb6 Ra8 23. Nb3 Nc8 24. Qd8 Be8 25. Qa5 b6 26. Qa3 Rb8 27. Ne2 b5 28. Na5 bxc4 29. Nc3 g5 30. Be1 Nd3 31. Nxc4 Nxe1 32. Rxe1 Rxf3 33. Be2 Rf7 34. Ref1 Bb5 35. Rxf7 Qxf7 36. Rf1 Qb7 37. Nxb5 axb5 38. Na5 Qd7 39. Nc6 Rb7 40. Qa6 Kh7 41. Rf5 c4 42. Qa3 Ne7 43. Rf7 Qe8 44. Qa6 Qxf7 45. Qxb7 Qf2 46. Nxe7 Qe1+ 47. Kc2 Qxe2+ 48. Kc1 Qe1+ 49. Kc2 Qxe4+ 50. Kc1 Qe1+ 51. Kc2 Qf2+ 52. Kc1 e4 53. Nf5 Qxb2+ 54. Kd1 Qb1+ 55. Ke2 Qxa2+ 56. Ke1 Qa1+ 57. Ke2 Qb2+ 58. Ke1 e3 59. Nxe3 c3 60. Qe7 Qd2+ 61. Kf1 Qd3+ 62. Kf2 c2 63. Nf5 Qd2+ 64. Kg3 Qc3+ 65. Ne3 Qe5+ 0-1

[Event "Belgrade ChessAmateur op 5th"]
[Site "Belgrade"]
[Date "2019.01.04"]
[Round "1"]
[White "Popovic, Milan S"]
[Black "Velickovski Nejkovic, Maja"]
[Result "1/2-1/2"]
[WhiteElo "2316"]
[BlackElo "2136"]
[PlyCount "89"]
[EventDate "2019.01.04"]
[EventType "swiss"]
[EventRounds "9"]
[EventCountry "SRB"]
[SourceTitle "CBM 188 Extra"]
[Source "ChessBase"]
[SourceDate "2019.02.26"]
[SourceVersion "1"]
[SourceVersionDate "2019.02.26"]
[SourceQuality "1"]

1. e4 d6 2. d4 Nf6 3. Nc3 e5 4. Nf3 Nbd7 5. g4 Nxg4 6. Rg1 Ngf6 7. Bc4 h6 8. Be3 c6 9. dxe5 dxe5 10. Qd3 b5 11. Bb3 a5 12. a4 bxa4 13. Bc4 Nh5 14. 0-0-0 Qf6 15. Nb5 cxb5 16. Bxb5 Be7 17. Bxd7+ Bxd7 18. Qxd7+ Kf8 19. Qg4 Nf4 20. Nxe5 Ne2+ 21. Qxe2 Qxe5 22. Bd4 Qf4+ 23. Kb1 Rg8 24. f3 a3 25. Qg2 g6 26. Qe2 Qb8 27. Qe3 g5 28. h4 axb2 29. hxg5 hxg5 30. Bc5 Qc7 31. Rd5 Rc8 32. Bxe7+ Kxe7 33. Qa3+ Ke6 34. Qa4 Rb8 35. Rgd1 Rgd8 36. Qd4 Ke7 37. Re5+ Kf8 38. Rd5 Ke7 39. Qe5+ Qxe5 40. Rxe5+ Kf6 41. Rxd8 Rxd8 42. Rxa5 Rb8 43. Rf5+ Kg6 44. Rc5 Rb4 45. Rd5 1/2-1/2

[Event "Skopje Karposh op"]
[Site "Skopje"]
[Date "2018.03.30"]
[Round "8"]
[White "Velickovski Nejkovic, Maja"]
[Black "Dimic, Pavle"]
[Result "0-1"]
[WhiteElo "2176"]
[BlackElo "2356"]
[PlyCount "164"]
[EventDate "2018.03.24"]
[EventType "swiss"]
[EventRounds "9"]
[EventCountry "MKD"]
[SourceTitle "CBM 183 Extra"]
[Source "ChessBase"]
[SourceDate "2018.04.19"]
[SourceVersion "1"]
[SourceVersionDate "2018.04.19"]
[SourceQuality "1"]

1. d4 Nf6 2. c4 g6 3. Nc3 Bg7 4. e4 d6 5. Be2 0-0 6. Be3 e5 7. d5 Na6 8. g4 Nc5 9. f3 a5 10. h4 c6 11. Qd2 cxd5 12. cxd5 a4 13. g5 Nh5 14. Bb5 Bd7 15. Nge2 Bxb5 16. Nxb5 Qb6 17. Na3 Rac8 18. 0-0 Qd8 19. Kg2 f5 20. exf5 Rxf5 21. Rac1 b6 22. Qb4 Rb8 23. Rc2 Bf8 24. Nb5 Rf7 25. Nbc3 Be7 26. Nxa4 Nd3 27. Qg4 Rf5 28. f4 exf4 29. Nd4 Ne5 30. Qh3 Rf7 31. Qe6 Qd7 32. Bf2 Qxa4 33. Rc7 Bf8 34. Nc6 Qe4+ 35. Kh2 Nf3+ 36. Kh3 Qxe6+ 37. dxe6 Rxc7 38. Nxb8 Ne5 39. Bxb6 Rb7 40. Nd7 Nxd7 41. exd7 Rxd7 42. a4 Rb7 43. a5 Bg7 44. Rd1 Be5 45. b4 f3 46. Kg4 f2 47. b5 Rxb6 48. axb6 Ng3 49. b7 d5 50. Rxd5 f1Q 51. Rxe5 Qd1+ 52. Kxg3 Qg1+ 53. Kf4 Qf2+ 54. Ke4 Qg2+ 55. Kd4 Qxb7 56. Kc5 Qc7+ 57. Kd5 Qb6 58. Kc4 Qf2 59. Kd5 Qb6 60. Kc4 Kf7 61. Rc5 Ke7 62. Rc6 Qa5 63. Kc5 Kd7 64. Rf6 Qc7+ 65. Kb4 Qg3 66. Rf7+ Kd6 67. Rxh7 Qe1+ 68. Ka4 Kc5 69. Rc7+ Kb6 70. Rc6+ Kb7 71. Rc4 Qd2 72. Rc6 Qd1+ 73. Ka5 Qe1+ 74. Ka4 Qxh4+ 75. Ka5 Qe1+ 76. Ka4 Qa1+ 77. Kb4 Qb2+ 78. Kc4 Qc2+ 79. Kb4 Qd2+ 80. Ka4 Qxg5 81. Ka5 Qd2+ 82. Ka4 g5 0-1

[Event "Skopje Karposh op"]
[Site "Skopje"]
[Date "2018.03.27"]
[Round "5"]
[White "Markus, Robert"]
[Black "Velickovski Nejkovic, Maja"]
[Result "1-0"]
[WhiteElo "2615"]
[BlackElo "2176"]
[PlyCount "71"]
[EventDate "2018.03.24"]
[EventType "swiss"]
[EventRounds "9"]
[EventCountry "MKD"]
[SourceTitle "CBM 183 Extra"]
[Source "ChessBase"]
[SourceDate "2018.04.19"]
[SourceVersion "1"]
[SourceVersionDate "2018.04.19"]
[SourceQuality "1"]

1. d4 Nf6 2. c4 e6 3. Nf3 d5 4. e3 a6 5. b3 Nbd7 6. Bb2 Bb4+ 7. Nbd2 0-0 8. a3 Bxd2+ 9. Qxd2 Ne4 10. Qc2 c6 11. Bd3 f5 12. b4 Ndf6 13. Ne5 Bd7 14. c5 Be8 15. f3 Ng5 16. Be2 Nf7 17. Nd3 Bd7 18. Bc3 Nh5 19. 0-0 Kh8 20. Rae1 Qh4 21. Bd1 Nf6 22. Re2 Qh6 23. Be1 Rfe8 24. Bg3 Re7 25. Qc3 Be8 26. h3 Ng5 27. Qe1 Nf7 28. Bh2 Nd7 29. e4 Qf6 30. Qc3 Ng5 31. Bd6 Bh5 32. Bxe7 Qxe7 33. exd5 cxd5 34. Nf4 Nf6 35. Qe3 Nge4 36. Nxh5 1-0

[Event "Mediterranean Flower (Women) 18th"]
[Site "Rijeka"]
[Date "2018.02.27"]
[Round "4"]
[White "Velickovski Nejkovic, Maja"]
[Black "Cvitan, Ena"]
[Result "1-0"]
[WhiteElo "2186"]
[BlackElo "2222"]
[PlyCount "59"]
[EventDate "2018.02.25"]
[EventType "tourn"]
[EventRounds "9"]
[EventCountry "CRO"]
[SourceTitle "CBM 183 Extra"]
[Source "ChessBase"]
[SourceDate "2018.04.19"]
[SourceVersion "1"]
[SourceVersionDate "2018.04.19"]
[SourceQuality "1"]

1. c4 e6 2. Nc3 d5 3. d4 a6 4. cxd5 exd5 5. Bf4 Nf6 6. e3 Bd6 7. Bg3 0-0 8. Bd3 Qe7 9. Nge2 Be6 10. Qc2 Nbd7 11. Bh4 h6 12. g4 c5 13. g5 Ne4 14. Bxe4 dxe4 15. Qxe4 hxg5 16. Bg3 f5 17. Bxd6 Qxd6 18. Qg2 f4 19. Qxg5 Rf5 20. Qh4 b5 21. Nxf4 cxd4 22. 0-0-0 Rxf4 23. exf4 Qc5 24. f5 Bd5 25. Rhg1 dxc3 26. f6 cxb2+ 27. Kxb2 Qc4 28. Rxg7+ Kf8 29. Qxc4 bxc4 30. Rxd7 1-0

[Event "Mediterranean Flower (Women) 18th"]
[Site "Rijeka"]
[Date "2018.02.27"]
[Round "3"]
[White "Velickovski Nejkovic, Maja"]
[Black "Doluhanova, Evgeniya"]
[Result "0-1"]
[WhiteElo "2186"]
[BlackElo "2319"]
[PlyCount "98"]
[EventDate "2018.02.25"]
[EventType "tourn"]
[EventRounds "9"]
[EventCountry "CRO"]
[SourceTitle "CBM 183 Extra"]
[Source "ChessBase"]
[SourceDate "2018.04.19"]
[SourceVersion "1"]
[SourceVersionDate "2018.04.19"]
[SourceQuality "1"]

1. c4 Nf6 2. Nc3 e6 3. e4 d5 4. cxd5 exd5 5. e5 Ne4 6. Nf3 Nc6 7. Bb5 Bc5 8. d4 Bb4 9. Qb3 0-0 10. 0-0 Nxc3 11. bxc3 Be7 12. Bd3 f5 13. exf6 Bxf6 14. Qc2 h6 15. Ba3 Be7 16. Bxe7 Qxe7 17. Rae1 Qf6 18. Ne5 Nxe5 19. Rxe5 c6 20. Rfe1 Bd7 21. Bg6 b5 22. R1e3 Rad8 23. Rf3 Qd6 24. Rg3 Rf6 25. h4 Rdf8 26. h5 Rf4 27. Bh7+ Kh8 28. Rg6 R4f6 29. Rxf6 Qxf6 30. Bg6 a5 31. Qe2 b4 32. Bb1 bxc3 33. Qc2 g6 34. hxg6 Rb8 35. Rh5 Rb2 36. Rxh6+ Kg8 37. Rh7 Rxc2 38. Bxc2 Be8 39. Rh3 Qxd4 40. Re3 Bd7 41. Rd3 Qb4 42. Re3 Qb2 43. Re2 c5 44. f4 Qc1+ 45. Kh2 Qxf4+ 46. Kg1 Qc1+ 47. Kh2 c4 48. Rf2 Qh6+ 49. Kg1 Qe3 0-1

[Event "Mediterranean Flower (Women) 18th"]
[Site "Rijeka"]
[Date "2018.02.25"]
[Round "1"]
[White "Velickovski Nejkovic, Maja"]
[Black "Tomilova, Elena"]
[Result "0-1"]
[WhiteElo "2186"]
[BlackElo "2331"]
[PlyCount "126"]
[EventDate "2018.02.25"]
[EventType "tourn"]
[EventRounds "9"]
[EventCountry "CRO"]
[SourceTitle "CBM 183 Extra"]
[Source "ChessBase"]
[SourceDate "2018.04.19"]
[SourceVersion "1"]
[SourceVersionDate "2018.04.19"]
[SourceQuality "1"]

1. c4 e5 2. g3 Nf6 3. Bg2 d5 4. cxd5 Nxd5 5. Nc3 Nb6 6. d3 Be7 7. Be3 0-0 8. Rc1 Re8 9. a3 Bf8 10. Qc2 h6 11. h4 c6 12. Nf3 Bg4 13. Nh2 Be6 14. Bxb6 axb6 15. Nf3 Nd7 16. d4 exd4 17. Nxd4 Bg4 18. 0-0 Qf6 19. Rcd1 Nc5 20. f3 Bc8 21. e4 b5 22. f4 Bg4 23. Rd2 Red8 24. e5 Qe7 25. Kh2 Rd7 26. Bf3 Bxf3 27. Nxf3 Rxd2+ 28. Nxd2 Qd7 29. Nde4 Qd3 30. Qg2 Nxe4 31. Nxe4 Qd4 32. Re1 b4 33. axb4 Bxb4 34. Re2 Rd8 35. Qf3 Qd1 36. Nf2 Qf1 37. e6 fxe6 38. Qe4 Kh8 39. Ng4 Qxe2+ 40. Qxe2 Rd2 41. Qxd2 Bxd2 42. Ne5 Kg8 43. Kg2 h5 44. Kf2 Kf8 45. Nd3 Ba5 46. Kf3 Ke7 47. Ke4 Bc7 48. b3 Bd6 49. Kd4 b6 50. Ke4 Kf6 51. Nb2 b5 52. Nd3 c5 53. Ne1 Be7 54. Nd3 c4 55. bxc4 bxc4 56. Ne5 c3 57. Kd3 Kf5 58. Ke3 Bf6 59. Nc4 Kg4 60. Ke4 Kxg3 61. Ne3 Bxh4 62. Nf1+ Kf2 63. Ne3 Ke2 0-1

[Event "Thessaloniki White Tower op 40th"]
[Site "Thessaloniki"]
[Date "2018.01.07"]
[Round "8"]
[White "Velickovski Nejkovic, Maja"]
[Black "Hadzimanolis, Antonios"]
[Result "1-0"]
[WhiteElo "2147"]
[BlackElo "2241"]
[PlyCount "61"]
[EventDate "2018.01.02"]
[EventType "swiss"]
[EventRounds "9"]
[EventCountry "GRE"]
[SourceTitle "CBM 182 Extra"]
[Source "ChessBase"]
[SourceDate "2018.02.23"]
[SourceVersion "1"]
[SourceVersionDate "2018.02.23"]
[SourceQuality "1"]

1. c4 Nf6 2. Nc3 e6 3. d4 Bb4 4. Qc2 c5 5. dxc5 Nc6 6. Nf3 0-0 7. a3 Bxc5 8. b4 Nd4 9. Nxd4 Bxd4 10. Bb2 b6 11. e3 Be5 12. Bd3 Bb7 13. f4 Ng4 14. fxe5 Nxe3 15. Qf2 Nxg2+ 16. Ke2 Qg5 17. Qg3 Nf4+ 18. Kd2 Qh6 19. Be4 d5 20. exd6 Bxe4 21. Nxe4 f5 22. Ng5 e5 23. Bxe5 Nh5 24. Qg2 Rae8 25. Qd5+ Kh8 26. h4 Nf6 27. Qd4 Ne4+ 28. Kc2 Rxe5 29. Qxe5 Nxd6 30. Kb3 Ne4 31. Nf7+ 1-0

[Event "FRM-ch"]
[Site "Ohrid"]
[Date "2017.08.20"]
[Round "8"]
[White "Lazov, Toni"]
[Black "Velickovski Nejkovic, Maja"]
[Result "0-1"]
[WhiteElo "2290"]
[BlackElo "2140"]
[PlyCount "86"]
[EventDate "2017.08.13"]
[EventType "swiss"]
[EventRounds "9"]
[EventCountry "MKD"]
[SourceTitle "CBM 180 Extra"]
[Source "ChessBase"]
[SourceDate "2017.10.06"]
[SourceVersion "1"]
[SourceVersionDate "2017.10.06"]
[SourceQuality "1"]

1. e4 Nc6 2. Nf3 d5 3. exd5 Qxd5 4. Nc3 Qd6 5. Nb5 Qd8 6. Bc4 a6 7. Nc3 Bf5 8. d4 e6 9. d5 Nb4 10. Nd4 Bg6 11. Qe2 Be7 12. a3 Nxd5 13. Bxd5 exd5 14. Bg5 h6 15. Bh4 c6 16. 0-0-0 Kf8 17. Bg3 Nf6 18. Rhe1 Qd7 19. f3 Re8 20. Qf2 Kg8 21. Nb3 Kh7 22. Nc5 Bxc5 23. Qxc5 Qf5 24. Qf2 Rxe1 25. Rxe1 Re8 26. Rxe8 Nxe8 27. Na4 d4 28. b3 d3 29. Qe3 dxc2 30. Qxe8 Qd3 31. Nb2 Qxb3 32. Qe5 Qxa3 33. Kd2 Qa1 34. Qc3 b5 35. Be5 Qf1 36. Bf4 b4 37. Qc5 Qxg2+ 38. Ke1 Qxf3 39. Qe3 Qh1+ 40. Kf2 Qd5 41. Qd2 Qb3 42. Qd4 c5 43. Qe5 f6 0-1